000
00293nam a22001337a 4500
008
170420b xxu||||| |||| 00| 0 eng d
020
_a
014005000811
041
_a
eng
080
_a
573
100
_a
11
101
_a
SHM
245
_a
BULBS FOR ALL SEASONS
_c
JIMERSON, D.A
942
_2
udc
_c
BK
999
_c
11342
_d
11342